| 000 | 00816nam a2200253Ia 4500 | ||
|---|---|---|---|
| 008 | 191130s2004##################000#0#eng## | ||
| 020 | _a0199271755 | ||
| 022 | _a2005295971 | ||
| 040 |
_aACL _cACL |
||
| 082 | _aUA10.5 .M312 2004 327.174 | ||
| 100 | _aMallik, Amitav | ||
| 245 |
_aTechnology and security in the 21st century : a demand-side perspective _cAmitav Mallik |
||
| 260 |
_aOxford _bOxford University Press _c2004 |
||
| 300 | _axii, 151 p. ; 23 cm | ||
| 500 | _aIncludes bibliographical references and index | ||
| 650 | _aArms control | ||
| 650 | _aNational security | ||
| 650 | _aSecurity, International | ||
| 650 | _aTechnology transfer | ||
| 710 | _aStockholm International Peace Research Institute | ||
| 990 | _a0476fee5ac10000c7a4807d6e9353d4c | ||
| 991 | _a135947 | ||
| 999 |
_c403894 _d403894 |
||